000
00352nam a2200169Ia 4500
001
6412
005
20250626030059.0
008
211022s9999 xx 000 0 und d
082
_a
916.762 REU
100
_a
Reuben, Joel
245
0
_a
Kenya in picture
260
_a
260
_b
Sterling Publishing
260
_c
1960
300
_a
942
_c
BK
999
_c
6149
_d
6149